Statystyki dla Państwa z najmniejszym procentem muzułmanów

Kliknij tutaj aby rozwiązać quiz!

Ogólne statystyki

  • Ten quiz został rozwiązany 125 razy
  • Średni wynik to 19 z 39

Statystyki odpowiedzi

%Kraj% Poprawnych
0Watykan
78%
< 0.1Japonia
71%
< 0.1San Marino
65%
< 0.1Kuba
64%
< 0.1Korea Południowa
60%
< 0.1Chile
57%
< 0.1Peru
57%
< 0.1Ekwador
56%
< 0.1Boliwia
55%
< 0.1Meksyk
55%
< 0.1Paragwaj
55%
< 0.1Urugwaj
54%
< 0.1Salwador
52%
< 0.1Dominikana
51%
< 0.1Haiti
51%
< 0.1Kostaryka
50%
< 0.1Nikaragua
50%
< 0.1Vanuatu
49%
< 0.1Gwatemala
48%
< 0.1Mikronezja
48%
< 0.1Nauru
48%
< 0.1Palau
48%
< 0.1Tuvalu
47%
< 0.1Samoa
46%
< 0.1Tonga
46%
< 0.1Wyspy Salomona
46%
< 0.1Estonia
45%
< 0.1Kiribati
45%
< 0.1Wyspy Marshalla
45%
< 0.1Bahamy
44%
< 0.1Litwa
44%
< 0.1Saint Lucia
44%
< 0.1Wietnam
38%
< 0.1Korea Północna
37%
< 0.1Timor Wschodni
34%
< 0.1Laos
33%
< 0.1Papua-Nowa Gwinea
33%
< 0.1Lesotho
25%
< 0.1Armenia
18%

Rozkład punktacji

Percentyl według liczby udzielonych odpowiedzi

Procent ludzi z każdym wynikiem

Twoja historia wyników

Nie rozwiązałeś tego quizu